Физическая электроника в задачах: учебное пособие

Dades bibliogràfiques
Autor principal: Мискинова Н. А. Наталия Аркадьевна
Altres autors: Швилкин Б. Н. Борис Николаевич
Sumari:Настоящая книга знакомит читателя с проблемами физической электроники, которые изложены в виде задач. В ней охватываются практически все разделы современной газовой электроники и некоторые разделы физики плазмы: катодная электроника, явления переноса, газовые разряды, сильно ионизованная плазма и другие. Решения многих задач доведены до чисел, что дает представление о порядках величин, встречающихся в эксперименте.Для студентов и аспирантов физических специальностей вузов, а также научно-технических работников в области газовой электроники и физики плазмы.
Idioma:rus
Publicat: Москва, Либроком, 2013
Edició:2-е изд., испр.
Matèries:
Format: MixedMaterials Llibre
KOHA link:https://koha.lib.tpu.ru/cgi-bin/koha/opac-detail.pl?biblionumber=237815

MARC

LEADER 00000nam0a2200000 4500
001 237815
005 20231101231550.0
010 |a 9785397039086 
035 |a (RuTPU)RU\TPU\book\258990 
090 |a 237815 
100 |a 20130517d2013 m y0rusy50 ca 
101 0 |a rus 
102 |a RU 
105 |a a j 001zy 
200 1 |a Физическая электроника в задачах  |e учебное пособие  |f Н. А. Мискинова, Б. Н. Швилкин 
205 |a 2-е изд., испр. 
210 |a Москва  |c Либроком  |d 2013 
215 |a 256 с.  |c ил. 
320 |a Библиогр.: с. 249-252. 
330 |a Настоящая книга знакомит читателя с проблемами физической электроники, которые изложены в виде задач. В ней охватываются практически все разделы современной газовой электроники и некоторые разделы физики плазмы: катодная электроника, явления переноса, газовые разряды, сильно ионизованная плазма и другие. Решения многих задач доведены до чисел, что дает представление о порядках величин, встречающихся в эксперименте.Для студентов и аспирантов физических специальностей вузов, а также научно-технических работников в области газовой электроники и физики плазмы. 
606 1 |a Электроника физическая  |x (физика)  |2 stltpush  |3 (RuTPU)RU\TPU\subj\20347  |9 45456 
610 1 |a задачи 
610 1 |a катодная электроника 
610 1 |a ионизированный газ 
610 1 |a плазма 
610 1 |a заряженные частицы 
610 1 |a движение 
610 1 |a электромагнитные волны 
610 1 |a электромагнитные колебания 
610 1 |a газовые разряды 
610 1 |a подобие 
610 1 |a учебные пособия 
610 1 |a законы 
675 |a 537.5(076)  |v 3 
700 1 |a Мискинова  |b Н. А.  |g Наталия Аркадьевна 
701 1 |a Швилкин  |b Б. Н.  |g Борис Николаевич 
801 1 |a RU  |b 63413507  |c 20130517 
801 2 |a RU  |b 63413507  |c 20160405  |g RCR 
900 |a Электроника 
942 |c BK 
959 |a 59/20130326  |d 5  |e 459,00  |f ЧЗТЛ:1  |f АНЛ:1  |f УФ:3